00766nac a22002291u 4500010001400000020002200014082001500036090001500051100003400066245005500100260005000155300002800205500002100233500002700254504005100281511002800332650001100360650002800371942001800399999001500417952010400432 a013557271 a0415386799 (hbk.) a620.2bKUT c8173d8173 aKuttruff, Heinrich.  aAcoustics : an introduction /c Heinrich Kuttruff. aLondon :bTaylor & Francis, C.2007.c C.2007. axiii, 457 p. ;c 24 cm. aFormerly CIP. Uk aDistributer: Al-Ahram. aIncludes bibliographical references and index. aCatalogued By: Mahitab. aSound. aAcoustical engineering. cBBk620.2 KUT c8173d8173 00104070aMAINbMAINc1STd2008-02-27ePurchasel0o620.2 KUTp000009992r2025-07-15 00:00:00yBB